Discriminación y racismo en la historia costarricense: a propósito de la ley 4169. Separata /

Salvato in:
Dettagli Bibliografici
Autore principale: Hernández Cruz, Omar
Altri autori: Ibarra Rojas, Eugenia, Quesada Camacho, Juan Rafael
Natura: testo
Pubblicazione: San José: Universidad de Costa Rica
Soggetti:
Tags: Aggiungi Tag
Nessun Tag, puoi essere il primo ad aggiungerne!!

MARC

LEADER 00000 a a2200000 04500
001 19918
003
040
090 |a 081000  
100 |a Hernández Cruz, Omar  
245 |a Discriminación y racismo en la historia costarricense: a propósito de la ley 4169. Separata /  |c Omar Hernández Cruz 
260 |a San José:   |b Universidad de Costa Rica  
300 |a iii, 23 p.  
500 |a Esta separata reune el contenido de la obra que con el mismo nombre publicará la Editorial de la Universidad de Costa Rica (no se incluyen los anexos citados)  
650 |a DISCRIMINACION RACIAL  
650 |a EDUCACION  
650 |a HISTORIA  
700 |a Ibarra Rojas, Eugenia  
700 |a Quesada Camacho, Juan Rafael  
999 |c 1316  |d 1316